| 000 | 00862nas a2200241 4500 | ||
|---|---|---|---|
| 001 | BR7306139 | ||
| 003 | BR-BrBNA | ||
| 005 | 20231205082600.0 | ||
| 007 | ta | ||
| 008 | 230509b bl.|||p| |||| 00| 00por d | ||
| 040 |
_aBR-BrBNA _bpor _cBiblioteca Nacional de Agricultura |
||
| 041 | _a(Pt) | ||
| 072 | _aL40 | ||
| 100 | 1 | _aDe Martin, B.W. | |
| 245 | 1 | _aStudy of the thyroid function of throughbred females in varying stages of pregnancy, using in vitro tests 125 I-T3 and 125 I-T4 [puro sangue ingles, tereoide] | |
| 650 | _aANATOMIA ANIMAL | ||
| 650 | _aPURO SANGUE INGLES | ||
| 650 | _aTIREOIDE | ||
| 650 | _aPRENHEZ | ||
| 773 | 0 |
_tRevista da Faculdade de Medicina Veterinaria e Zootecnia da Universidade de Sao Paulo (Brazil) _xISSN 0303-7525 _g(1975), v. 12 p. 121-126 _wBR7306139 |
|
| 909 |
_a202311 _bLúcia _c55 _dLúcia Elande |
||
| 942 |
_2AGRIS _n0 _cANA |
||
| 999 |
_c92989 _d92989 |
||